000 00598nam a2200217Ia 4500
003 OSt
005 20230424114141.0
008 210423s2019 xx 000 0 und d
020 _a978-81-7482-380-9
040 _cAL
041 _aeng
082 _a510.02
_223
_bKUMU
100 _aKUMAR (Alok)
_992011
245 _aUpkars CSIR-UGC NET/JRF/SET Mathematical sciences
260 _aAgra
_bUpkar prakashan
_c2019
300 _aviii,792
_bPB
365 _b660
_cINR
650 _aMathematics
_992012
906 _aCSIR-UGC ; Mathematical ; NET/JRF/SET ; s ; sciences ; Upkar
942 _2ddc
_cBK
999 _c170112
_d170112